| 000 | 00490nam a22001577a 4500 | ||
|---|---|---|---|
| 999 |
_c534655 _d534655 |
||
| 020 | _qHard Cover. | ||
| 082 | _a621.3778 | ||
| 100 | _aMuhammad Nadeem | ||
| 245 |
_aFlood Modeling of Soan River using Hec-Ras / _cMuhammad Nadeem. |
||
| 260 |
_aIslamabad: _bSCEE - NUST, _c2012. |
||
| 300 |
_a71 p. : _bill. ; _c30cm. |
||
| 942 |
_2ddc _cTHE |
||
| 650 |
_aGIS and Remote Sensing MS-Thesis. _916194 |
||
| 700 |
_aDr. Ejaz Hussain _919330 |
||